000 00560cam a2200217ua 4500
001 10057
005 20260515114547.0
008 170324n ii |||gr||||Z||||||eng
040 _cMAIN
041 _aeng
082 _a050
100 _aBanerjee, M,
_eAuthor.
245 _aHand book of general knowledge
_cBy M. Banerjee and Ramesh Bhasin
250 _a7th rev. ed.
260 _aAmbala:
_bMentor publications,
_c1971.
300 _a192p.
653 _aGeneral serial publications
653 _aMAIN
700 _aBhasin, Ramesh,
_eAuthor.
942 _cBK
999 _c9048
_d9048